[Event "DEM U12/U12w 2009"]
[Site "Willingen GER"]
[Date "2009.05.31"]
[Round "2"]
[White "Töws, Manuel"]
[Black "Siegert, Gregor"]
[Result "0-1"]
[Termination "normal"]
[Board "31"]
[WhiteElo "1863"]
[BlackElo "1392"]
[PlyCount "76"]
[WhiteFideId "24654485"]
[BlackFideId "1271250"]
[EventCountry "GER"]
[EventRounds "11"]
[EventType "swiss"]
[EventDate "2009.05.30"]

1. e4 c5 2. Nf3 d6 3. d4 cxd4 4. Nxd4 Nf6 5. Nc3 a6 6. Bg5 e6 7. f4 Be7 8. Qf3
e5 9. Nb3 Nc6 10. O-O-O Bg4 11. Qd3 Bxd1 12. Qxd1 b5 13. Bxf6 Bxf6 14. f5 O-O
15. h4 Bxh4 16. Kb1 h6 17. Qg4 Bg5 18. Nd5 a5 19. Bxb5 Nb4 20. f6 Nxd5 21. fxg7
Nc3+ 22. bxc3 Kxg7 23. c4 a4 24. Nd2 Qa5 25. Rxh6 Kxh6 26. Nf3 Qb4+ 27. Ka1 f6
28. Qh3+ Kg7 29. Nxg5 Qe1+ 30. Kb2 a3+ 31. Kb3 Qb1+ 32. Kc3 Qb2+ 33. Kd2 fxg5
34. Qd7+ Rf7 35. Qxd6 Raf8 36. Ke3 Qc1+ 37. Qd2 Qg1+ 38. Kd3 Qd4+ 0-1

[Event "DEM U12/U12w 2009"]
[Site "Willingen GER"]
[Date "2009.05.31"]
[Round "2"]
[White "Lemke, Berfîn"]
[Black "Hansch, Karsten"]
[Result "0-1"]
[Termination "normal"]
[Board "32"]
[WhiteElo "1312"]
[BlackElo "1839"]
[PlyCount "100"]
[WhiteFideId "1270578"]
[BlackFideId "24692239"]
[EventCountry "GER"]
[EventRounds "11"]
[EventType "swiss"]
[EventDate "2009.05.30"]

1. e4 c5 2. Nf3 d6 3. d4 cxd4 4. Nxd4 Nf6 5. Nc3 a6 6. Be2 e5 7. Nb3 Be6 8. Be3
Be7 9. O-O O-O 10. Nd5 Nxd5 11. exd5 Bf5 12. c4 Nd7 13. Qd2 Bg6 14. Rac1 f5 15.
f4 e4 16. Na5 Qc7 17. Qb4 Rfb8 18. Rfd1 Bd8 19. Nb3 Be7 20. Na5 Be8 21. a3 h6
22. Bd4 Nc5 23. Nb3 Nxb3 24. Qxb3 b6 25. Qa2 Qd8 26. b4 Bf7 27. Qb2 Bf8 28. Qd2
Rc8 29. Be3 Be7 30. Qd4 Rcb8 31. Rc2 Ra7 32. Rdc1 Rd7 33. Qd2 Bf6 34. Bd4 Bxd4+
35. Qxd4 Kh7 36. Rc3 Qg8 37. Rh3 Rc7 38. Rd1 b5 39. Kh1 Qf8 40. g4 g6 41. gxf5
gxf5 42. Qf6 Bg6 43. Qg5 bxc4 44. Rg1 Qg7 45. Qg3 Rg8 46. Bd1 Bf7 47. Qg5 Qg6
48. Qxg6+ Rxg6 49. Rxg6 Bxg6 50. Rc3 Bf7 0-1

[Event "DEM U12/U12w 2009"]
[Site "Willingen GER"]
[Date "2009.05.31"]
[Round "2"]
[White "Manusina, Nicole"]
[Black "Jermann, Isabel"]
[Result "1-0"]
[Termination "normal"]
[Board "34"]
[WhiteElo "1685"]
[BlackElo "1328"]
[PlyCount "113"]
[WhiteFideId "24657514"]
[EventCountry "GER"]
[EventRounds "11"]
[EventType "swiss"]
[EventDate "2009.05.30"]

1. d4 d5 2. c4 e6 3. Nc3 Nf6 4. Bg5 c6 5. Nf3 Nbd7 6. e3 Qa5 7. Bxf6 Nxf6 8.
Nd2 Be7 9. Bd3 O-O 10. O-O dxc4 11. Nxc4 Qc7 12. Rc1 Bd7 13. e4 Rfd8 14. Bb1
Be8 15. Qc2 Rxd4 16. e5 Rxc4 17. exf6 Bxf6 18. Qxh7+ Kf8 19. Qd3 Rd4 20. Qe2
Rad8 21. Nb5 Rd2 22. Qxd2 cxb5 23. Rxc7 Rxd2 24. Rxb7 Bd4 25. b3 Bb6 26. Rb8
Ke7 27. Rc8 b4 28. Rc2 Rd5 29. h3 Rf5 30. Rd2 Rg5 31. Kh2 Bc6 32. g3 e5 33. Re1
Rh5 34. Rde2 Bd4 35. f4 Bf3 36. Rc2 Bc3 37. Rf1 Be4 38. Rxc3 bxc3 39. Bxe4 exf4
40. gxf4 Ra5 41. a4 Kd6 42. Rc1 Rc5 43. Kg2 Kc7 44. Kf3 f5 45. Bd3 Kb6 46. Bc4
Rc6 47. Rxc3 Rh6 48. Ke2 Rg6 49. Kd2 Rg2+ 50. Be2 Rg6 51. Kc1 Rg1+ 52. Bd1 Rf1
53. Rf3 Rg1 54. Kc2 Rg2+ 55. Kc3 a5 56. Bc2 g6 57. Bd3 1-0

[Event "DEM U12/U12w 2009"]
[Site "Willingen GER"]
[Date "2009.05.31"]
[Round "2"]
[White "Hecht, Carsten"]
[Black "Zimmermann, Jasmin"]
[Result "0-1"]
[Termination "normal"]
[Board "35"]
[WhiteElo "1605"]
[BlackElo "1283"]
[PlyCount "114"]
[WhiteFideId "24693928"]
[BlackFideId "12900400"]
[EventCountry "GER"]
[EventRounds "11"]
[EventType "swiss"]
[EventDate "2009.05.30"]

1. d4 f5 2. e4 fxe4 3. Nc3 Nf6 4. Bg5 g6 5. f3 exf3 6. Nxf3 Bg7 7. Bc4 c6 8. d5
cxd5 9. Nxd5 e6 10. Nf4 O-O 11. Qe2 Nc6 12. O-O-O Qa5 13. Kb1 Qb4 14. c3 Qc5
15. Bb3 b5 16. h4 b4 17. c4 a5 18. Bc2 e5 19. Nd3 Qb6 20. Bb3 Kh8 21. Ndxe5 a4
22. c5 Qxc5 23. Nf7+ Rxf7 24. Bxf7 Ba6 25. Qe1 b3 26. a3 Qc2+ 27. Ka1 Ng4 28.
Rb1 Nf2 29. Rg1 Bd3 30. Nd2 Ne4 31. Nxe4 Bxe4 32. Qg3 Qe2 33. Rge1 Qxg2 34.
Qxg2 Bxg2 35. Re2 Bf3 36. Rd2 h6 37. Be3 Rd8 38. Bxg6 Ne5 39. Bd3 Nxd3 40. Rxd3
Be4 41. Rdd1 Bxb1 42. Kxb1 Re8 43. Bc1 Re7 44. Rd6 Kh7 45. Bd2 Kg8 46. Kc1 h5
47. Rd5 Re5 48. Rxd7 Rc5+ 49. Kb1 Rc2 50. Bc1 Rh2 51. Rd8+ Kh7 52. Rd5 Rxh4 53.
Ra5 Rh1 54. Rxa4 Bh6 55. Rc4 Rxc1+ 56. Rxc1 Bxc1 57. Kxc1 h4 0-1

[Event "DEM U12/U12w 2009"]
[Site "Willingen GER"]
[Date "2009.05.31"]
[Round "2"]
[White "Rahimi, Anita"]
[Black "Brinkmann, Fabian"]
[Result "0-1"]
[Termination "normal"]
[Board "36"]
[WhiteElo "1290"]
[BlackElo "1601"]
[PlyCount "84"]
[WhiteFideId "24692336"]
[BlackFideId "24661414"]
[EventCountry "GER"]
[EventRounds "11"]
[EventType "swiss"]
[EventDate "2009.05.30"]

1. d4 d5 2. Bf4 Nf6 3. Nf3 Bf5 4. e3 e6 5. c3 c5 6. Bd3 Bxd3 7. Qxd3 a6 8. a4
Nc6 9. Nbd2 Be7 10. O-O O-O 11. c4 Rc8 12. Rac1 Nh5 13. Bg3 Nxg3 14. fxg3 dxc4
15. Nxc4 cxd4 16. exd4 Bf6 17. Rfd1 b5 18. axb5 axb5 19. Na3 b4 20. Nc4 Ne7 21.
Kh1 Nd5 22. b3 Nc3 23. Re1 Re8 24. Nb2 Qd5 25. Nc4 Qc6 26. Nfe5 Qc7 27. Rf1
Red8 28. Rf4 Bxe5 29. Nxe5 Qxe5 30. Qxh7+ Kxh7 31. dxe5 Ne2 32. Rh4+ Kg8 33.
Re1 Rc1 34. Rxc1 Nxc1 35. h3 Rb8 36. Re4 Nxb3 37. h4 Nc5 38. Rc4 b3 39. Rc1 b2
40. Rb1 Ne4 41. Kg1 Nc3 42. Rxb2 Rxb2 0-1

[Event "DEM U12/U12w 2009"]
[Site "Willingen GER"]
[Date "2009.05.31"]
[Round "2"]
[White "Wendland, Tobias"]
[Black "Diederichs, Luise"]
[Result "0-1"]
[Termination "normal"]
[Board "37"]
[WhiteElo "1622"]
[BlackElo "1209"]
[PlyCount "72"]
[WhiteFideId "24662267"]
[BlackFideId "24661597"]
[EventCountry "GER"]
[EventRounds "11"]
[EventType "swiss"]
[EventDate "2009.05.30"]

1. d4 e6 2. c4 d5 3. Nc3 Nf6 4. Nf3 Be7 5. Bg5 O-O 6. e3 Ne4 7. Bxe7 Qxe7 8.
cxd5 Nxc3 9. bxc3 exd5 10. Bd3 Nd7 11. O-O Nf6 12. Qc2 Bd7 13. Rab1 b6 14. Rfe1
c5 15. c4 Rac8 16. Qb3 Be6 17. dxc5 Rxc5 18. Qb4 Qc7 19. Nd4 Rc8 20. Nb5 Qd7
21. Red1 Qe7 22. Rbc1 Kf8 23. Na3 dxc4 24. Nxc4 Bxc4 25. Bxc4 Ng4 26. Rc3 Ne5
27. Rdc1 Nxc4 28. Rxc4 Rxc4 29. Rxc4 Qxb4 30. Rxc8+ Ke7 31. g3 Qb1+ 32. Kg2
Qxa2 33. Rc7+ Ke6 34. Rc6+ Kd7 35. Rc1 a5 36. e4 b5 0-1

[Event "DEM U12/U12w 2009"]
[Site "Willingen GER"]
[Date "2009.05.31"]
[Round "2"]
[White "Bosse, Lea"]
[Black "Lagunow, Elina"]
[Result "0-1"]
[Termination "normal"]
[Board "38"]
[WhiteElo "1254"]
[BlackElo "1726"]
[PlyCount "32"]
[WhiteFideId "12900419"]
[BlackFideId "4673387"]
[EventCountry "GER"]
[EventRounds "11"]
[EventType "swiss"]
[EventDate "2009.05.30"]

1. e4 c5 2. Nf3 Nc6 3. d4 cxd4 4. Nxd4 g6 5. Be3 Nf6 6. Nc3 Bg7 7. Bc4 O-O 8.
O-O a6 9. a4 b6 10. Qe2 Bb7 11. f3 Nb4 12. Qf2 d5 13. exd5 Nfxd5 14. Nxd5 Nxd5
15. b3 Nxe3 16. Qxe3 Bxd4 0-1

[Event "DEM U12/U12w 2009"]
[Site "Willingen GER"]
[Date "2009.05.31"]
[Round "2"]
[White "Peters, Tom"]
[Black "Böhme, Mathis"]
[Result "1-0"]
[Termination "normal"]
[Board "39"]
[WhiteElo "1528"]
[BlackElo "1190"]
[PlyCount "57"]
[WhiteFideId "24694444"]
[BlackFideId "12900443"]
[EventCountry "GER"]
[EventRounds "11"]
[EventType "swiss"]
[EventDate "2009.05.30"]

1. e4 d5 2. exd5 Nf6 3. Nf3 Nxd5 4. d4 Bf5 5. Bd3 Bxd3 6. Qxd3 Nc6 7. c4 Ndb4
8. Qc3 e6 9. a3 Be7 10. Qd2 Na6 11. O-O O-O 12. b4 Bf6 13. Bb2 Nab8 14. a4 e5
15. d5 Ne7 16. Nxe5 Qd6 17. f4 g5 18. Na3 c6 19. Rad1 a6 20. Nc2 gxf4 21. Qxf4
b5 22. Qxf6 Qxf6 23. Rxf6 bxc4 24. Nxc4 cxd5 25. Nb6 Ra7 26. Nxd5 Nxd5 27. Rxd5
Rc7 28. Rg5+ Kh8 29. Rxf7+ 1-0

[Event "DEM U12/U12w 2009"]
[Site "Willingen GER"]
[Date "2009.05.31"]
[Round "2"]
[White "Gröning, Finn Jonathan"]
[Black "Gaßmann, Linda"]
[Result "1-0"]
[Termination "normal"]
[Board "41"]
[WhiteElo "1513"]
[BlackElo "1143"]
[PlyCount "161"]
[WhiteFideId "1271634"]
[BlackFideId "12900451"]
[EventCountry "GER"]
[EventRounds "11"]
[EventType "swiss"]
[EventDate "2009.05.30"]

1. e4 e5 2. Nf3 Nc6 3. Bb5 d6 4. O-O Bg4 5. h3 Bh5 6. d3 Nf6 7. Nc3 Be7 8. Be3
O-O 9. Re1 a6 10. Ba4 h6 11. a3 Nh7 12. Nd5 Ng5 13. Nxe7+ Qxe7 14. Bxg5 hxg5
15. g4 Bg6 16. Bxc6 bxc6 17. Qd2 f6 18. Qc3 Qd7 19. d4 Rab8 20. dxe5 fxe5 21.
Nxg5 Qe7 22. h4 Rf4 23. f3 Be8 24. b4 Bd7 25. Qb3+ Kh8 26. Kg2 a5 27. Nh3 Rf6
28. Qc3 a4 29. Rh1 d5 30. exd5 cxd5 31. Ng5 e4 32. fxe4 dxe4 33. Kg3 Qd6+ 34.
Kh3 Rbf8 35. Rad1 Qc6 36. Qxc6 Bxc6 37. Rhe1 Rf2 38. c4 Ra2 39. Re3 Re8 40. b5
Bb7 41. Rd7 g6 42. Rxc7 Ba8 43. b6 Rb2 44. Nf7+ Kg8 45. Nd6 Rb8 46. Nxe4 R2xb6
47. Ra7 Rb3 48. Nf6+ Kf8 49. Nd7+ Kg8 50. Nxb8 Rxe3+ 51. Kh2 Bf3 52. Rxa4 Bxg4
53. c5 Rh3+ 54. Kg1 Bd1 55. Rf4 Rxa3 56. c6 Rc3 57. Rd4 Bf3 58. Rd8+ Kf7 59.
Rd7+ Ke6 60. Rg7 Kf6 61. Rc7 Ke6 62. Rc8 Ke7 63. Kf2 Kd6 64. Rg8 Be4 65. Rg7
Ke6 66. c7 Kd6 67. Na6 Ke6 68. Ke1 Kf6 69. Rh7 g5 70. Rh6+ Kg7 71. hxg5 Bb7 72.
Kd2 Rc4 73. Ke3 Bxa6 74. Rxa6 Rxc7 75. Kf4 Rc4+ 76. Kf5 Rc5+ 77. Kg4 Rc4+ 78.
Kh5 Rc1 79. Ra7+ Kh8 80. Kh6 Rc6+ 81. g6 1-0

[Event "DEM U12/U12w 2009"]
[Site "Willingen GER"]
[Date "2009.05.31"]
[Round "2"]
[White "Heinemann, Josefine"]
[Black "Wolff, Christopher"]
[Result "0-1"]
[Termination "time forfeit"]
[Board "42"]
[WhiteElo "1062"]
[BlackElo "1494"]
[PlyCount "48"]
[WhiteFideId "12900460"]
[EventCountry "GER"]
[EventRounds "11"]
[EventType "swiss"]
[EventDate "2009.05.30"]

1. e4 c5 2. Nf3 e6 3. d4 cxd4 4. Nxd4 Nc6 5. Nc3 Bb4 6. Be3 Nf6 7. f3 d5 8. Bd3
O-O 9. Qd2 e5 10. Nxc6 bxc6 11. exd5 cxd5 12. O-O-O d4 13. Be2 Be6 14. Bxd4
exd4 15. Qxd4 Qa5 16. Kb1 Rfd8 17. Qe3 Bxc3 18. b3 Nd5 19. Qc1 h6 20. Rhf1 Rac8
21. g3 Rc5 22. g4 Qxa2+ 23. Kxa2 Ra5+ 24. Qa3 Nb4+ 0-1

[Event "DEM U12/U12w 2009"]
[Site "Willingen GER"]
[Date "2009.05.31"]
[Round "2"]
[White "Paliy, Margaryta"]
[Black "Keller, Peter"]
[Result "0-1"]
[Termination "normal"]
[Board "43"]
[WhiteElo "1047"]
[BlackElo "1458"]
[PlyCount "118"]
[WhiteFideId "24692417"]
[BlackFideId "1272105"]
[EventCountry "GER"]
[EventRounds "11"]
[EventType "swiss"]
[EventDate "2009.05.30"]

1. e4 c5 2. Nf3 Nc6 3. d4 cxd4 4. Nxd4 Nf6 5. Nc3 e5 6. Nf3 Bb4 7. Bg5 Qa5 8.
Bxf6 Bxc3+ 9. bxc3 Qxc3+ 10. Nd2 gxf6 11. Bb5 Nd4 12. Ba4 b5 13. Bb3 Bb7 14.
O-O a5 15. a4 b4 16. h3 Rc8 17. Ra2 Rg8 18. Kh1 Nxb3 19. cxb3 Ke7 20. Re1 Ba6
21. Re3 Qd4 22. Rg3 Qxf2 23. Rxg8 Rxg8 24. Qg1 Qxg1+ 25. Kxg1 Rc8 26. Nf3 Rc3
27. Rb2 Bd3 28. Nd2 Rc2 29. Rxc2 Bxc2 30. Kf2 Bd3 31. Ke3 Ba6 32. Nc4 Bxc4 33.
bxc4 Kd6 34. Kd3 Kc5 35. g4 h6 36. h4 d6 37. h5 Kb6 38. Kc2 Kc6 39. Kd2 Kc5 40.
Kd3 b3 41. Kc3 b2 42. Kxb2 Kxc4 43. Ka3 Kc3 44. Ka2 Kd4 45. Kb3 d5 46. exd5
Kxd5 47. Kc3 Kc5 48. Kb3 Kd4 49. Kb2 e4 50. Kc2 e3 51. Kd1 Kd3 52. Ke1 e2 53.
g5 fxg5 54. Kf2 Kd2 55. Kf3 e1=Q 56. Kg4 Qe4+ 57. Kh3 Ke2 58. Kh2 Kf2 59. Kh3
Qg2# 0-1

[Event "DEM U12/U12w 2009"]
[Site "Willingen GER"]
[Date "2009.05.31"]
[Round "2"]
[White "Damm, Nils"]
[Black "Velkina, Elina"]
[Result "1-0"]
[Termination "normal"]
[Board "44"]
[WhiteElo "1458"]
[BlackElo "1113"]
[PlyCount "63"]
[WhiteFideId "24693065"]
[BlackFideId "1271679"]
[EventCountry "GER"]
[EventRounds "11"]
[EventType "swiss"]
[EventDate "2009.05.30"]

1. e4 e5 2. f4 Nc6 3. Bb5 exf4 4. Nf3 Nf6 5. Nc3 Bb4 6. d3 d5 7. exd5 Nxd5 8.
O-O O-O 9. Nxd5 Qxd5 10. Bxc6 Qxc6 11. Bxf4 Re8 12. Ne5 Qb6+ 13. Kh1 Bd6 14.
Nc4 Qc6 15. Qh5 Bc5 16. Be3 Be6 17. Qxc5 Qxc5 18. Bxc5 Bxc4 19. dxc4 Re2 20.
Rf2 Rae8 21. Rxe2 Rxe2 22. Rc1 a6 23. Bb4 g6 24. Bc3 f5 25. h3 Kf7 26. Rd1 Rxc2
27. Rd7+ Ke6 28. Rxc7 Rc1+ 29. Kh2 Ra1 30. a3 Rd1 31. Rxb7 Rd6 32. Rxh7 1-0

[Event "DEM U12/U12w 2009"]
[Site "Willingen GER"]
[Date "2009.05.31"]
[Round "2"]
[White "Müller, Max"]
[Black "Hoffmann, Tim"]
[Result "0-1"]
[Termination "normal"]
[Board "45"]
[WhiteElo "962"]
[BlackElo "1455"]
[PlyCount "76"]
[WhiteFideId "12900486"]
[BlackFideId "12900338"]
[EventCountry "GER"]
[EventRounds "11"]
[EventType "swiss"]
[EventDate "2009.05.30"]

1. e4 c5 2. Nf3 e6 3. d4 cxd4 4. Nxd4 Nf6 5. Nc3 Bb4 6. Bd3 Bxc3+ 7. bxc3 Nc6
8. Bg5 h6 9. Bh4 a6 10. O-O Ne5 11. Qe2 Ng6 12. Bg3 O-O 13. Bd6 Re8 14. f4 b5
15. Rf3 Bb7 16. Raf1 Rc8 17. Qe1 Qa5 18. a3 Qxc3 19. Qxc3 Rxc3 20. Bb4 Rcc8 21.
Re1 d5 22. e5 Nd7 23. Bd6 Nb6 24. Re2 Nc4 25. Bxc4 Rxc4 26. g3 Rxd4 27. c3 Rd1+
28. Kf2 d4 29. cxd4 Bxf3 30. Kxf3 Rxd4 31. Re4 Rxe4 32. Kxe4 f6 33. exf6 gxf6
34. f5 Nf8 35. Bxf8 Kxf8 36. fxe6 Rxe6+ 37. Kf5 Re3 38. Kf4 Rxa3 0-1

[Event "DEM U12/U12w 2009"]
[Site "Willingen GER"]
[Date "2009.05.31"]
[Round "2"]
[White "Eichstaedt, Mirko"]
[Black "Behr, Jessica"]
[Result "0-1"]
[Termination "normal"]
[Board "46"]
[WhiteElo "1450"]
[BlackElo "1053"]
[PlyCount "56"]
[WhiteFideId "24692310"]
[EventCountry "GER"]
[EventRounds "11"]
[EventType "swiss"]
[EventDate "2009.05.30"]

1. c4 e5 2. Nc3 Nf6 3. g3 d5 4. cxd5 Nxd5 5. Bg2 Nxc3 6. bxc3 Bf5 7. Bxb7 Nd7
8. Bxa8 Qxa8 9. f3 e4 10. e3 Ne5 11. f4 Nd3+ 12. Kf1 Qc8 13. Qa4+ Bd7 14. Qxe4+
Be7 15. Qxd3 Qb7 16. e4 Bb5 17. c4 Bc6 18. Rb1 Qc8 19. Kf2 O-O 20. Kf3 Rd8 21.
Qe2 f5 22. Kf2 Bc5+ 23. Kg2 Bxe4+ 24. Nf3 Bxb1 25. Bb2 Be4 26. Re1 Bxf3+ 27.
Qxf3 Rxd2+ 28. Re2 Rxe2+ 0-1

[Event "DEM U12/U12w 2009"]
[Site "Willingen GER"]
[Date "2009.05.31"]
[Round "2"]
[White "Wagner, Swenja"]
[Black "Schwarz, Larissa"]
[Result "0-1"]
[Termination "normal"]
[Board "48"]
[WhiteElo "833"]
[BlackElo "1403"]
[PlyCount "73"]
[WhiteFideId "12900494"]
[BlackFideId "24699004"]
[EventCountry "GER"]
[EventRounds "11"]
[EventType "swiss"]
[EventDate "2009.05.30"]

1. e4 c5 2. Nf3 e6 3. d4 cxd4 4. Nxd4 a6 5. c4 Qc7 6. Nc3 b6 7. a3 Bb7 8. Be3
Nf6 9. Bd3 Bd6 10. g3 O-O 11. Rc1 Nc6 12. Qf3 Ne5 13. Qe2 Rac8 14. b3 Bxa3 15.
Ra1 Bb4 16. Bd2 Bxc3 17. Bxc3 Nxd3+ 18. Qxd3 Bxe4 19. Qf1 Bxh1 20. Qxh1 d5 21.
Qf1 dxc4 22. Rc1 Ne4 23. Bd2 Nxd2 24. Kxd2 Qd6 25. Rxc4 e5 26. Kc3 exd4+ 27.
Kd2 Rxc4 28. Qxc4 a5 29. f4 Qb4+ 30. Qxb4 axb4 31. Kd3 Rd8 32. Kc4 d3 33. Kxb4
d2 34. h3 d1=Q 35. g4 Qd4+ 36. Kb5 Qc5+ 37. Ka4 0-1

[Event "DEM U12/U12w 2009"]
[Site "Willingen GER"]
[Date "2009.05.31"]
[Round "2"]
[White "Ismail, Nabil"]
[Black "Genath, Maren"]
[Result "1-0"]
[Termination "normal"]
[Board "49"]
[WhiteElo "1400"]
[BlackElo "924"]
[PlyCount "106"]
[EventCountry "GER"]
[EventRounds "11"]
[EventType "swiss"]
[EventDate "2009.05.30"]

1. e4 e5 2. Nf3 Nc6 3. Bc4 Bc5 4. Nc3 Nf6 5. d3 d6 6. Bg5 h6 7. Bh4 g5 8. Bg3
Nh5 9. Qd2 Bg4 10. Bd5 Nxg3 11. Bxc6+ bxc6 12. fxg3 Qf6 13. Qe2 Rb8 14. Rb1 Bd4
15. Na4 d5 16. c3 Bb6 17. Nxb6 cxb6 18. O-O Qd6 19. h3 Be6 20. exd5 Bxd5 21.
Qxe5+ Qxe5 22. Nxe5 Bxa2 23. Nxc6 Bxb1 24. Nxb8 Bxd3 25. Re1+ Kf8 26. Nd7+ Kg7
27. Ne5 Bb5 28. c4 Ba4 29. Ra1 Bc2 30. Rxa7 Re8 31. Nxf7 Kg6 32. g4 Bb3 33. Nd6
Re6 34. Nf5 Bxc4 35. Rg7+ Kf6 36. Rc7 Bd3 37. Nxh6 Ke5 38. Nf7+ Kf4 39. Rc1 Kg3
40. Nxg5 Rf6 41. Nf3 Be4 42. Rc3 Bxf3 43. Rxf3+ Rxf3 44. gxf3 Kxf3 45. g5 Ke3
46. h4 Kd3 47. g6 b5 48. g7 b4 49. g8=Q Kc2 50. h5 Kxb2 51. h6 b3 52. Qxb3+
Kxb3 53. h7 Kc4 1-0

[Event "DEM U12/U12w 2009"]
[Site "Willingen GER"]
[Date "2009.06.01"]
[Round "3"]
[White "Ruff, Maximilian"]
[Black "Blübaum, Matthias"]
[Result "1/2-1/2"]
[Termination "normal"]
[Board "2"]
[WhiteElo "1651"]
[BlackElo "2051"]
[PlyCount "90"]
[WhiteFideId "1271670"]
[BlackFideId "24651516"]
[EventCountry "GER"]
[EventRounds "11"]
[EventType "swiss"]
[EventDate "2009.05.30"]

1. e4 e6 2. d4 d5 3. e5 c5 4. c3 Nc6 5. Nf3 Qb6 6. Be2 cxd4 7. cxd4 Nge7 8. Na3
Nf5 9. Nc2 Bd7 10. O-O Na5 11. b3 Bb5 12. Bb2 Bxe2 13. Qxe2 Be7 14. Ne3 Nxe3
15. fxe3 O-O 16. Rac1 Rac8 17. Rc2 Nc6 18. Rfc1 f6 19. exf6 Bxf6 20. Ba3 Rf7
21. Bc5 Qa5 22. Qd2 Qxd2 23. Rxd2 Rfc7 24. Bd6 Rd7 25. Be5 Be7 26. Rdc2 Rcd8
27. Bg3 Ba3 28. Rf1 Nb4 29. Rcf2 h6 30. Rd2 Rc8 31. h4 Rc2 32. Rxc2 Nxc2 33.
Bf4 Rd8 34. Ne1 Nb4 35. Rf2 Rc8 36. Bd6 Rc1 37. Re2 Rc6 38. Bxb4 Bxb4 39. Kf2
Be7 40. g3 Rc3 41. Rc2 Rxc2+ 42. Nxc2 Kf7 43. Kf3 Bd6 44. Ne1 Kf6 45. Nd3 b6
1/2-1/2

[Event "DEM U12/U12w 2009"]
[Site "Willingen GER"]
[Date "2009.06.01"]
[Round "3"]
[White "Wagner, Dennis"]
[Black "Hirschmann, Jakob"]
[Result "1-0"]
[Termination "normal"]
[Board "3"]
[WhiteElo "2024"]
[BlackElo "1678"]
[PlyCount "57"]
[WhiteFideId "24650684"]
[BlackFideId "24652067"]
[EventCountry "GER"]
[EventRounds "11"]
[EventType "swiss"]
[EventDate "2009.05.30"]

1. e4 e6 2. d4 d5 3. Nc3 Bb4 4. e5 Ne7 5. Bd2 c5 6. Nb5 Bxd2+ 7. Qxd2 O-O 8. f4
Nbc6 9. Nf3 a6 10. Nd6 cxd4 11. Bd3 Nf5 12. Nxf5 exf5 13. O-O-O Qb6 14. h3 g6
15. Rdg1 Nb4 16. Kb1 Be6 17. g4 Kh8 18. a3 Nc6 19. Qf2 Na5 20. Qh4 Rg8 21. Qf6+
Rg7 22. gxf5 Nc4 23. Bxc4 dxc4 24. fxe6 c3 25. b3 Qa5 26. Ka2 d3 27. exf7 Qc5
28. Ng5 Qf2 29. f8=Q+ 1-0

[Event "DEM U12/U12w 2009"]
[Site "Willingen GER"]
[Date "2009.06.01"]
[Round "3"]
[White "Schmitt, Carsten"]
[Black "Lampert, Jonas"]
[Result "0-1"]
[Termination "normal"]
[Board "4"]
[WhiteElo "1624"]
[BlackElo "1977"]
[PlyCount "46"]
[WhiteFideId "24661040"]
[BlackFideId "1303759"]
[EventCountry "GER"]
[EventRounds "11"]
[EventType "swiss"]
[EventDate "2009.05.30"]

1. d4 d5 2. Nf3 Nf6 3. c4 c6 4. cxd5 cxd5 5. Nc3 Nc6 6. g3 e6 7. Bg2 Bd6 8. O-O
a6 9. Re1 O-O 10. a3 b5 11. e3 Bb7 12. Bd2 Qb6 13. Rb1 Na5 14. Ne5 Bxe5 15.
dxe5 Nd7 16. f4 Nc4 17. Kh1 Nc5 18. Qc2 Rfd8 19. Ne2 Ne4 20. Bxe4 dxe4 21. Nd4
Rxd4 22. exd4 e3+ 23. Kg1 exd2 0-1

[Event "DEM U12/U12w 2009"]
[Site "Willingen GER"]
[Date "2009.06.01"]
[Round "3"]
[White "Xu, Xianliang"]
[Black "Imcke, Patrick"]
[Result "1-0"]
[Termination "normal"]
[Board "5"]
[WhiteElo "1921"]
[BlackElo "1711"]
[PlyCount "77"]
[WhiteFideId "4603230"]
[BlackFideId "4622502"]
[EventCountry "GER"]
[EventRounds "11"]
[EventType "swiss"]
[EventDate "2009.05.30"]

1. e4 e6 2. Nf3 d5 3. e5 c5 4. b4 cxb4 5. a3 Nc6 6. axb4 Bxb4 7. c3 Be7 8. d4
f6 9. Bd3 fxe5 10. dxe5 Qc7 11. Qe2 Nh6 12. Bxh6 gxh6 13. O-O O-O 14. Re1 Bd7
15. Nd4 Nxd4 16. cxd4 Rf4 17. Nd2 Rxd4 18. Qe3 Rh4 19. Nf3 Rg4 20. Qxh6 Rg7 21.
Rac1 Qb6 22. Rb1 Qd8 23. Rxb7 Qf8 24. Qh3 Bc6 25. Qxe6+ Kh8 26. Qxc6 Qxf3 27.
Bf1 Rf8 28. Rb2 Bh4 29. g3 Bd8 30. Bg2 Qa3 31. Rbe2 Bb6 32. e6 Re7 33. Qxd5 Qb4
34. Rf1 a5 35. Qe5+ Kg8 36. Re4 Bxf2+ 37. Kh1 Bd4 38. Rg4+ Rg7 39. Rxg7+ 1-0

[Event "DEM U12/U12w 2009"]
[Site "Willingen GER"]
[Date "2009.06.01"]
[Round "3"]
[White "Ott, Florian"]
[Black "Lerch, Philipp"]
[Result "0-1"]
[Termination "normal"]
[Board "6"]
[WhiteElo "1567"]
[BlackElo "1900"]
[PlyCount "114"]
[WhiteFideId "12900281"]
[BlackFideId "4654129"]
[EventCountry "GER"]
[EventRounds "11"]
[EventType "swiss"]
[EventDate "2009.05.30"]

1. Nf3 Nf6 2. d4 g6 3. c4 c5 4. d5 b5 5. cxb5 a6 6. b6 Qxb6 7. Nc3 d6 8. Nd2
Bg7 9. e3 Nbd7 10. Nc4 Qc7 11. g3 O-O 12. Bg2 Bb7 13. e4 Nb6 14. Nxb6 Qxb6 15.
Bd2 a5 16. a4 Ba6 17. Ra3 Rfb8 18. Bc1 Nd7 19. Bf1 c4 20. Bh3 Ne5 21. Bf1 Nd3+
22. Bxd3 cxd3 23. Qd2 Rc8 24. O-O Qb4 25. Re1 Rab8 26. Nb5 Rxc1 27. Qxb4 axb4
28. Rxc1 bxa3 29. bxa3 Bxb5 30. axb5 Rxb5 31. Rd1 Rb3 32. a4 Ra3 33. a5 Bd4 34.
Kg2 Kf8 35. Rd2 Ke8 36. f4 Kd7 37. Kh3 Be3 38. Rd1 d2 39. Kg4 h5+ 40. Kg5 Rc3
41. a6 Kc7 42. Rb1 Rc1 43. Rb7+ Kc8 44. Rxe7 d1=Q 45. Kh6 Rc7 46. Re8+ Kd7 47.
Rf8 Qg4 48. Rxf7+ Kd8 49. Rf8+ Ke7 50. Kg7 Bd4+ 51. e5 dxe5 52. d6+ Kxd6+ 53.
Kh6 exf4 54. Rd8+ Rd7 55. Rg8 fxg3 56. Rxg6+ Qxg6+ 57. Kxg6 gxh2 0-1

[Event "DEM U12/U12w 2009"]
[Site "Willingen GER"]
[Date "2009.06.01"]
[Round "3"]
[White "Kvetny, Mark"]
[Black "Hansch, Stephan"]
[Result "1-0"]
[Termination "normal"]
[Board "7"]
[WhiteElo "1858"]
[BlackElo "1791"]
[PlyCount "51"]
[WhiteFideId "24603929"]
[EventCountry "GER"]
[EventRounds "11"]
[EventType "swiss"]
[EventDate "2009.05.30"]

1. d4 Nf6 2. c4 g6 3. Nc3 Bg7 4. e4 d6 5. Be2 O-O 6. Nf3 e5 7. O-O Nc6 8. d5
Ne7 9. Ne1 Nd7 10. Nd3 f5 11. Bd2 Kh8 12. a4 Nf6 13. f3 f4 14. c5 h5 15. cxd6
cxd6 16. Nf2 g5 17. h3 Ng6 18. Qc2 Rf7 19. Rfc1 a6 20. a5 Bf8 21. Na4 Nd7 22.
Bb4 Kg8 23. Ra3 Ne7 24. Bxd6 Qxa5 25. Bc7 Qb4 26. Bc4 1-0

[Event "DEM U12/U12w 2009"]
[Site "Willingen GER"]
[Date "2009.06.01"]
[Round "3"]
[White "Yankelevich, Lev"]
[Black "Pixa, Richard"]
[Result "1-0"]
[Termination "normal"]
[Board "8"]
[WhiteElo "1898"]
[BlackElo "1788"]
[PlyCount "87"]
[WhiteFideId "24684074"]
[BlackFideId "4626095"]
[EventCountry "GER"]
[EventRounds "11"]
[EventType "swiss"]
[EventDate "2009.05.30"]

1. e4 e6 2. d4 d5 3. exd5 exd5 4. Nf3 Bd6 5. Bd3 Nf6 6. Bg5 O-O 7. O-O Bg4 8.
Nbd2 Nbd7 9. c3 c6 10. Qc2 Qc7 11. Rfe1 Rfe8 12. Bf5 Bh5 13. Bh4 Bg6 14. Bg3 b6
15. Bxg6 hxg6 16. Bxd6 Qxd6 17. Rad1 Qc7 18. Qd3 Rad8 19. g3 Qd6 20. Nh4 Nf8
21. f4 Kh7 22. Nhf3 N6d7 23. Ne5 Nxe5 24. fxe5 Qc7 25. Rf1 Ne6 26. Nf3 Kg8 27.
Rd2 Rd7 28. Rdf2 Qb7 29. Nh4 Ng5 30. Re2 Ne4 31. Nf3 Re6 32. Nd2 Nxd2 33. Rxd2
Rde7 34. Rdf2 Rd7 35. g4 Qc7 36. g5 Qd8 37. Qg3 c5 38. Rf4 cxd4 39. cxd4 Qc7
40. Qh3 Qc4 41. Rh4 Kf8 42. b3 Qb5 43. Rh8+ Ke7 44. Qf3 1-0